000
00282nam a22001097a 4500
008
170120b xxu||||| |||| 00| 0 eng d
020
_a
9780805328332
041
_a
eng
080
_2
5TH
_a
618.2
245
_a
EFFECTIE LEADERSHIP AND MANAGEMET IN NURSING
_c
SULLIANM E,J
942
_2
udc
_c
BK
999
_c
3215
_d
3215